Hacia la estación de Finlandia (Record no. 141111)

MARC details
000 -LEADER
campo de control de longitud fija 01083nam a22003131 4500
001 - NÚMERO DE CONTROL
campo de control 141111
003 - IDENTIFICADOR DE NÚMERO DE CONTROL
campo de control ES-MaACL
005 - FECHA Y HORA DE LA ÚLTIMA TRANSACCIÓN
campo de control 20250804062604.0
007 - CAMPO FIJO DE DESCRIPCIÓN FÍSICA--INFORMACIÓN GENERAL
campo de control de longitud fija t|
008 - DATOS DE LONGITUD FIJA--INFORMACIÓN GENERAL
campo de control de longitud fija 070919s1974 sp ||||0| spa d
016 7# - NÚMERO DE CONTROL DE UNA AGENCIA BIBLIOGRÁFICA NACIONAL
Número de control cancelado/no válido IND2000945800
040 ## - FUENTE DE CATALOGACIÓN
Centro catalogador/agencia de origen M-BN
Lengua de catalogación spa
Centro/agencia transcriptor CDM
080 ## - NÚMERO DE LA CLASIFICACIÓN DECIMAL UNIVERSAL
Número de la Clasificación Decimal Universal 335(091)
080 ## - NÚMERO DE LA CLASIFICACIÓN DECIMAL UNIVERSAL
Número de la Clasificación Decimal Universal 930.1
100 1# - ENTRADA PRINCIPAL--NOMBRE DE PERSONA
Nombre de persona Wilson, Edmund.
9 (RLIN) 117023
245 10 - MENCIÓN DEL TÍTULO
Título Hacia la estación de Finlandia
Resto del título : ensayo sobre la forma de escribir y hacer historia /
Mención de responsabilidad, etc. Edmund Wilson ; [traducción, R. Tomero, M. F. Zalán y J. P. Gortázar].
260 ## - PUBLICACIÓN, DISTRIBUCIÓN, ETC.
Lugar de publicación, distribución, etc. Madrid :
Nombre del editor, distribuidor, etc. Alianza Editorial,
Fecha de publicación, distribución, etc. 1974.
300 ## - DESCRIPCIÓN FÍSICA
Extensión XII, 572 p. ;
Dimensiones 18 cm.
490 1# - MENCIÓN DE SERIE
Mención de serie el libro de bolsillo. Sección humanidades ;
Designación de volumen o secuencia 425
650 #4 - PUNTO DE ACCESO ADICIONAL DE MATERIA--TÉRMINO DE MATERIA
Término de materia o nombre geográfico como elemento de entrada Historia-
Subdivisión general Filosofía.
9 (RLIN) 13380
650 14 - PUNTO DE ACCESO ADICIONAL DE MATERIA--TÉRMINO DE MATERIA
Término de materia o nombre geográfico como elemento de entrada Comunismo-
Subdivisión de forma Historia
9 (RLIN) 11222
650 #4 - PUNTO DE ACCESO ADICIONAL DE MATERIA--TÉRMINO DE MATERIA
Término de materia o nombre geográfico como elemento de entrada Socialismo-
Subdivisión general Historia.
9 (RLIN) 135485
700 1# - ENTRADA AGREGADA--NOMBRE PERSONAL
Nombre de persona Tomero, R.
9 (RLIN) 110552
700 1# - ENTRADA AGREGADA--NOMBRE PERSONAL
Nombre de persona Zalan, M. F.
9 (RLIN) 117867
700 1# - ENTRADA AGREGADA--NOMBRE PERSONAL
Nombre de persona Cortázar, J. P.
9 (RLIN) 40821
830 03 - PUNTO DE ACCESO ADICIONAL DE SERIE-TÍTULO UNIFORME
Título uniforme El libro de bolsillo.
Nombre de parte o sección de la obra Humanidades
Designación de volumen o secuencia 425
9 (RLIN) 178672
852 ## - LOCALIZACIÓN
Ubicación ES-MaACL
Número de control de estantería E-6750
Sublocalización o colección R.90180
Holdings
Estatus retirado Estado de pérdida Estado de daño No para préstamo Biblioteca de origen Biblioteca actual Ubicación en estantería Fecha de adquisición Fuente de adquisición Total de préstamos Signatura topográfica completa Código de barras Visto por última vez Precio de reemplazo Tipo de ítem Koha
        Biblioteca del Ateneo de Madrid Biblioteca del Ateneo de Madrid Depósito 2 17/01/2008     E-6750 1146832 23/02/2023 23/02/2023 Libro impreso